[Event "Isle of Wight blitz op1"]
[Site "Isle of Wight"]
[Date "2025.02.19"]
[Round "5"]
[White "Chilton, James I"]
[Black "Hanley, Craig"]
[Result "0-1"]
[WhiteElo "1829"]
[BlackElo "2439"]
[PlyCount "116"]
[EventDate "2025.02.19"]
[EventType "swiss (blitz)"]
[EventRounds "7"]
[EventCountry "ENG"]
[SourceTitle "CB08_2025"]
[SourceDate "2025.02.19"]
[SourceVersion "1"]
[SourceVersionDate "2025.02.19"]
[SourceQuality "1"]

1. d4 e6 2. c4 Bb4+ 3. Nc3 f5 4. Bf4 Nf6 5. e3 0-0 6. Nf3 d6 7. Bd3 Nc6 8. 0-0 Bxc3 9. bxc3 Qe7 10. Bc2 b6 11. d5 Na5 12. dxe6 Bxe6 13. c5 bxc5 14. Bd3 Bd7 15. Qc2 Ne4 16. Nd2 Rae8 17. f3 Nxd2 18. Qxd2 Nc6 19. Rfe1 Ne5 20. Bc2 Kh8 21. e4 fxe4 22. Bg5 Qf7 23. Bxe4 Bf5 24. Bd5 Qg6 25. f4 Nd3 26. Rxe8 Rxe8 27. h3 h6 28. Bh4 Bxh3 29. Bf7 Qxf7 30. Qxd3 Bf5 31. Qg3 Re2 32. Re1 Qe6 33. a4 Rxe1+ 34. Qxe1 Qxe1+ 35. Bxe1 Kg8 36. a5 Kf7 37. Kf2 Ke6 38. Ke3 Kd5 39. Bh4 Kc4 40. Bd8 Kxc3 41. Bxc7 d5 42. Bb8 a6 43. Be5+ d4+ 44. Ke2 g6 45. Kf3 Kb4 46. g4 Bd7 47. Bg7 h5 48. gxh5 gxh5 49. Ke4 Kxa5 50. Kd5 Kb5 51. Bf8 Bc6+ 52. Ke5 d3 53. f5 d2 54. f6 d1Q 55. Be7 Qd5+ 56. Kf4 Kc4 57. Kg3 Qf3+ 58. Kh4 Qg4# 0-1

[Event "Isle of Wight blitz op1"]
[Site "Isle of Wight"]
[Date "2025.02.19"]
[Round "4"]
[White "Horne, Theo"]
[Black "Chilton, James I"]
[Result "0-1"]
[WhiteElo "1587"]
[BlackElo "1829"]
[PlyCount "100"]
[EventDate "2025.02.19"]
[EventType "swiss (blitz)"]
[EventRounds "7"]
[EventCountry "ENG"]
[SourceTitle "CB08_2025"]
[SourceDate "2025.02.19"]
[SourceVersion "1"]
[SourceVersionDate "2025.02.19"]
[SourceQuality "1"]

1. e4 c5 2. Nf3 e6 3. d4 cxd4 4. Nxd4 a6 5. Nc3 Nc6 6. Nxc6 bxc6 7. Be3 d5 8. exd5 cxd5 9. Bf4 Nf6 10. Be2 Bb4 11. a3 Ba5 12. b4 Bc7 13. Bxc7 Qxc7 14. Qd2 0-0 15. 0-0 Bb7 16. Na4 Nd7 17. Rac1 Qc6 18. Nb2 Ne5 19. Qd4 f6 20. Nd3 Nxd3 21. Qxd3 e5 22. Rfd1 e4 23. Qb3 Kh8 24. c4 dxc4 25. Qxc4 Qxc4 26. Bxc4 Rac8 27. h3 Rfd8 28. Rxd8+ Rxd8 29. Bf1 h6 30. Rc7 Bc8 31. Ra7 Rd1 32. Ra8 Rc1 33. g3 Kh7 34. Kg2 e3 35. fxe3 Bb7+ 36. Kf2 Bxa8 37. h4 Ra1 38. Bxa6 Rxa3 39. Be2 Ra2 40. Ke1 Bb7 41. Bd3+ g6 42. Be2 f5 43. b5 Kg7 44. Kf1 Kf6 45. Kf2 Ke5 46. Ke1 Rb2 47. h5 gxh5 48. Bxh5 Rxb5 49. Kf2 Rb2+ 50. Be2 Ba6 0-1

[Event "Reykjavik op"]
[Site "Reykjavik"]
[Date "2024.03.21"]
[Round "9"]
[White "Chilton, James I"]
[Black "Bottema, Martin"]
[Result "0-1"]
[WhiteElo "1823"]
[BlackElo "2053"]
[PlyCount "102"]
[EventDate "2024.03.15"]
[EventType "swiss"]
[EventRounds "9"]
[EventCountry "ISL"]
[SourceTitle "CBM 219 Extra"]
[Source "ChessBase"]
[SourceDate "2024.05.31"]
[SourceVersion "1"]
[SourceVersionDate "2024.05.31"]
[SourceQuality "1"]

1. d4 Nf6 2. c4 e6 3. Nc3 Bb4 4. Bf4 0-0 5. e3 d5 6. Rc1 c5 7. a3 Bxc3+ 8. bxc3 cxd4 9. exd4 b6 10. Be2 Ba6 11. cxd5 exd5 12. Bxa6 Nxa6 13. Ne2 Nb8 14. 0-0 Nc6 15. c4 dxc4 16. Rxc4 Na5 17. Rc3 Re8 18. Bg5 Qd6 19. Bxf6 Qxf6 20. Qc2 Rad8 21. Rc1 Qd6 22. a4 h6 23. h3 Rd7 24. Rc8 Rde7 25. Ng3 g6 26. Qc3 Rxc8 27. Qxc8+ Kg7 28. Qc3 Kh7 29. Qc8 Qd7 30. Qc3 Re8 31. Qc7 Re7 32. Qxd7 Rxd7 33. d5 Kg7 34. Rd1 Kf6 35. f4 Nc4 36. Kf2 Nd6 37. Kf3 Rc7 38. Ne4+ Ke7 39. g4 Rc4 40. Re1 Nxe4 41. Rxe4+ Rxe4 42. Kxe4 Kd6 43. h4 a6 44. h5 gxh5 45. gxh5 b5 46. axb5 axb5 47. Kf5 b4 48. Kf6 b3 49. Kxf7 b2 50. Kg6 b1Q+ 51. Kxh6 Qf5 0-1

[Event "Reykjavik op"]
[Site "Reykjavik"]
[Date "2024.03.15"]
[Round "1"]
[White "Chilton, James I"]
[Black "De Castro, Manuel"]
[Result "1-0"]
[WhiteElo "1823"]
[BlackElo "1603"]
[PlyCount "72"]
[EventDate "2024.03.15"]
[EventType "swiss"]
[EventRounds "9"]
[EventCountry "ISL"]
[SourceTitle "CBM 219 Extra"]
[Source "ChessBase"]
[SourceDate "2024.05.31"]
[SourceVersion "1"]
[SourceVersionDate "2024.05.31"]
[SourceQuality "1"]

1. d4 d5 2. c4 Nc6 3. cxd5 Qxd5 4. Nf3 e5 5. Nc3 Bb4 6. Bd2 Bxc3 7. Bxc3 e4 8. Ne5 Nxe5 9. dxe5 Qxd1+ 10. Rxd1 Be6 11. a3 f6 12. e3 a6 13. Be2 f5 14. 0-0 Ne7 15. Rd2 0-0 16. Rc1 Nd5 17. Bc4 c6 18. Bb4 Rfd8 19. Bd6 Rac8 20. b4 Kf7 21. Rd4 g5 22. Re1 g4 23. Kf1 h5 24. Ke2 Nc3+ 25. Kd2 Nd5 26. Be2 h4 27. f3 gxf3 28. gxf3 Rg8 29. fxe4 Ne7 30. Bh5+ Ng6 31. exf5 Bxf5 32. Rf1 Ke6 33. e4 Nf4 34. exf5+ Kxf5 35. Rfxf4+ Kg5 36. Bf7 Rh8 1-0

[Event "BCF-chT4S 2324 (4NCL)"]
[Site "England"]
[Date "2024.02.11"]
[Round "6.83"]
[White "Chilton, James I"]
[Black "Hariharan, Shambavi"]
[Result "0-1"]
[WhiteElo "1847"]
[BlackElo "1972"]
[PlyCount "72"]
[EventDate "2024.02.11"]
[EventType "team-swiss"]
[EventRounds "11"]
[EventCountry "ENG"]
[SourceTitle "EXT 2025"]
[Source "ChessBase"]
[SourceDate "2024.10.14"]
[SourceVersion "1"]
[SourceVersionDate "2024.10.14"]
[SourceQuality "1"]
[WhiteTeam "Wessex II"]
[BlackTeam "Oxford III"]
[WhiteTeamCountry "ENG"]
[BlackTeamCountry "ENG"]

1. d4 d5 2. c4 c6 3. e3 Nf6 4. Nc3 e6 5. Nf3 Nbd7 6. Bd3 dxc4 7. Bxc4 b5 8. Bd3 Bb7 9. 0-0 Be7 10. Re1 a6 11. a3 c5 12. Bd2 cxd4 13. exd4 0-0 14. Ne4 Nxe4 15. Bxe4 Bxe4 16. Rxe4 Nf6 17. Rh4 Qd5 18. Be3 Rac8 19. Rc1 Rxc1 20. Qxc1 Qb7 21. Qb1 Rc8 22. Ne1 g6 23. Bg5 Qc6 24. Qd3 Nd5 25. Bxe7 Nxe7 26. Re4 Qc1 27. Re2 Nf5 28. Kf1 Qf4 29. Nf3 Rc1+ 30. Re1 Rxe1+ 31. Nxe1 Qxh2 32. d5 exd5 33. Qxd5 Qh1+ 34. Ke2 Qh5+ 35. Kd2 Qg5+ 36. Kc2 Ne3+ 0-1

[Event "Reykjavik op"]
[Site "Reykjavik"]
[Date "2023.04.03"]
[Round "8"]
[White "Chilton, James I"]
[Black "Olafsson, Olafur Orn"]
[Result "0-1"]
[WhiteElo "1722"]
[BlackElo "1130"]
[PlyCount "118"]
[EventDate "2023.03.29"]
[EventType "swiss"]
[EventRounds "9"]
[EventCountry "ISL"]
[SourceTitle "EXT 2024"]
[Source "ChessBase"]
[SourceDate "2023.10.10"]
[SourceVersion "1"]
[SourceVersionDate "2023.10.10"]
[SourceQuality "1"]

1. d4 Nf6 2. c4 e6 3. Nc3 Bb4 4. Nf3 0-0 5. Bf4 b6 6. e3 Bb7 7. Bd3 d6 8. 0-0 Bxc3 9. bxc3 h6 10. Re1 Nh5 11. Bg3 Nxg3 12. hxg3 Nd7 13. e4 Qe7 14. Re3 e5 15. Qe2 Rae8 16. Nh4 g6 17. Nf3 Nf6 18. Nd2 Nh5 19. Qf1 Qf6 20. Nb3 a5 21. a4 Bc8 22. Be2 Qg5 23. Bxh5 Qxh5 24. c5 exd4 25. cxd4 dxc5 26. dxc5 Bb7 27. Qc4 Rd8 28. f3 Qg5 29. f4 Qf6 30. Rc1 Rfe8 31. c6 Bc8 32. e5 Qf5 33. Nd4 Qh5 34. Rce1 Be6 35. Nxe6 Rxe6 36. Rc1 Rd1+ 37. Re1 Rxe1+ 38. Rxe1 Qg4 39. Kf2 h5 40. Qd5 h4 41. Qd8+ Kg7 42. Qxh4 Qxh4 43. gxh4 Rxc6 44. Re4 Rc2+ 45. Kf3 c6 46. g4 b5 47. h5 b4 48. hxg6 b3 49. Re3 b2 50. Rb3 Kxg6 51. Ke4 Rc4+ 52. Ke3 Rb4 53. Rc3 b1Q 54. Rxc6+ Kg7 55. Rd6 Qe4+ 56. Kf2 Qxf4+ 57. Kg2 Qxe5 58. Rd2 Qf4 59. Rf2 Qxf2+ 0-1

[Event "Reykjavik op"]
[Site "Reykjavik"]
[Date "2023.03.31"]
[Round "4"]
[White "Chilton, James I"]
[Black "Panesar, Vedant"]
[Result "0-1"]
[WhiteElo "1722"]
[BlackElo "2348"]
[PlyCount "82"]
[EventDate "2023.03.29"]
[EventType "swiss"]
[EventRounds "9"]
[EventCountry "ISL"]
[SourceTitle "CBM 213 Extra"]
[Source "ChessBase"]
[SourceDate "2023.05.31"]
[SourceVersion "1"]
[SourceVersionDate "2023.05.31"]
[SourceQuality "1"]

1. e4 c5 2. Nf3 d6 3. d4 cxd4 4. Nxd4 Nf6 5. Nc3 a6 6. Be3 e5 7. Nf3 Be7 8. Be2 0-0 9. h3 Nbd7 10. 0-0 b5 11. a3 Bb7 12. Nd2 Qc7 13. g4 Nc5 14. Bf3 h6 15. Bg2 Rad8 16. Nd5 Nxd5 17. exd5 Na4 18. Rb1 Nb6 19. Nb3 Nc4 20. Bc1 a5 21. Nd2 Nb6 22. Nb3 a4 23. Na1 Qc8 24. Kh2 Qa8 25. f4 exf4 26. Qe2 Bxd5 27. Bxd5 Qxd5 28. Bxf4 Rfe8 29. Rbd1 Bg5 30. Qxe8+ Rxe8 31. Rxd5 Bxf4+ 32. Rxf4 Nxd5 33. Rd4 Ne3 34. Kg3 Nc4 35. b3 Nxa3 36. bxa4 Re1 37. axb5 Nxb5 38. Rb4 Na3 39. Rb8+ Kh7 40. Nb3 Nxc2 41. Kf2 Rb1 0-1

[Event "Reykjavik op"]
[Site "Reykjavik"]
[Date "2019.04.11"]
[Round "5"]
[White "Andersson, Lars"]
[Black "Chilton, James I"]
[Result "1-0"]
[WhiteElo "2012"]
[BlackElo "1747"]
[PlyCount "73"]
[EventDate "2019.04.08"]
[EventType "swiss"]
[EventRounds "9"]
[EventCountry "ISL"]
[SourceTitle "CBM 189 Extra"]
[Source "ChessBase"]
[SourceDate "2019.05.31"]
[SourceVersion "1"]
[SourceVersionDate "2019.05.31"]
[SourceQuality "1"]

1. d4 Nf6 2. Bf4 d5 3. e3 c5 4. c3 e6 5. Nd2 Nc6 6. Bd3 c4 7. Bc2 b5 8. a3 Bb7 9. Ngf3 a5 10. e4 Ne7 11. e5 Ne4 12. Nxe4 dxe4 13. Nd2 e3 14. fxe3 Bxg2 15. Rg1 Bc6 16. Ne4 Nf5 17. Qe2 Be7 18. Nd6+ Nxd6 19. exd6 Bh4+ 20. Kd2 g6 21. Be5 Rf8 22. Raf1 Qd7 23. Qg4 Bd8 24. Qh3 f5 25. e4 Bb6 26. exf5 Rxf5 27. Bxf5 exf5 28. Rxg6 0-0-0 29. Rg7 Qe8 30. Qxf5+ Bd7 31. Qf7 h6 32. Qxe8 Bxe8 33. Rf8 b4 34. Bf6 bxc3+ 35. bxc3 Rxd6 36. Rxe8+ Bd8 37. Rxd8+ 1-0

[Event "London Classic op 10th"]
[Site "London"]
[Date "2018.12.15"]
[Round "8"]
[White "Chilton, James I"]
[Black "Hughes, Anthony"]
[Result "0-1"]
[WhiteElo "1738"]
[BlackElo "1910"]
[PlyCount "54"]
[EventDate "2018.12.09"]
[EventType "swiss"]
[EventRounds "9"]
[EventCountry "ENG"]
[SourceTitle "CBM 187 Extra"]
[Source "ChessBase"]
[SourceDate "2018.11.04"]
[SourceVersion "1"]
[SourceVersionDate "2018.11.04"]
[SourceQuality "1"]

1. e4 c6 2. Nf3 d5 3. exd5 cxd5 4. d4 Nc6 5. Bf4 Bg4 6. c3 e6 7. Bd3 Bd6 8. Bxd6 Qxd6 9. h3 Bh5 10. g4 Bg6 11. 0-0 Nf6 12. Re1 Qf4 13. Re3 Ne4 14. Qe2 f5 15. Bb5 0-0 16. Bxc6 bxc6 17. Rxe4 fxe4 18. Ne5 Qc1+ 19. Kh2 e3 20. Qxe3 Qf1 21. Nxg6 Rxf2+ 22. Kg3 Rg2+ 23. Kh4 Qf6+ 24. g5 Qxg6 25. Nd2 h6 26. Nf3 hxg5+ 27. Nxg5 Qh6# 0-1